000 00358nam a2200109Ia 4500
008 220204s9999 xx 000 0 und d
082 _bPLA.15;1
100 _aSreedharan, K
245 0 _aProceedings of the 15th plantation crops symposium PLACROSYM XV, 10-13 December 2002, Mysore
260 _aKarnataka
_bCentral Coffee Research Institute
_c2002
942 _cBK
999 _c44257
_d44257